[Event "Bundesliga 9900"]
[Site "Deutschland"]
[Date "2000.01.30"]
[Round "9.2"]
[White "Kindermann, Stefan"]
[Black "Rogozenko, Dorian"]
[Result "1/2-1/2"]
[WhiteElo "2528"]
[BlackElo "2562"]
[PlyCount "42"]
[EventDate "1999.10.09"]
[EventType "team"]
[EventRounds "15"]
[EventCountry "GER"]
[SourceTitle "Bundesliga 9900"]
[Source "DeepChess"]
[SourceDate "2005.01.01"]
[SourceVersion "1"]
[SourceVersionDate "2005.01.01"]
[SourceQuality "1"]
[WhiteTeam "SK Koenig Plauen"]
[BlackTeam "USC Magdeburg"]
[WhiteTeamCountry "GER"]
[BlackTeamCountry "GER"]

1. e4 c5 2. Nf3 Nc6 3. d4 cxd4 4. Nxd4 Nf6 5. Nc3 e5 6. Ndb5 d6 7. Bg5 a6 8.
Na3 b5 9. Nd5 Be7 10. Bxf6 Bxf6 11. c3 O-O 12. Nc2 Rb8 13. g3 Bg5 14. h4 Bh6
15. Bg2 a5 16. a3 Ne7 17. Nce3 Bxe3 18. Nxe3 b4 19. axb4 axb4 20. O-O bxc3 21.
bxc3 Be6 1/2-1/2

[Event "Bundesliga 9900"]
[Site "Deutschland"]
[Date "2000.01.30"]
[Round "9.3"]
[White "Baklan, Vladimir"]
[Black "Gdanski, Jacek"]
[Result "1/2-1/2"]
[WhiteElo "2571"]
[BlackElo "2535"]
[PlyCount "48"]
[EventDate "1999.10.09"]
[EventType "team"]
[EventRounds "15"]
[EventCountry "GER"]
[SourceTitle "Bundesliga 9900"]
[Source "DeepChess"]
[SourceDate "2005.01.01"]
[SourceVersion "1"]
[SourceVersionDate "2005.01.01"]
[SourceQuality "1"]
[WhiteTeam "USC Magdeburg"]
[BlackTeam "SK Koenig Plauen"]
[WhiteTeamCountry "GER"]
[BlackTeamCountry "GER"]

1. e4 e6 2. d3 d5 3. Nd2 Nf6 4. Ngf3 Nc6 5. c3 Bd6 6. Be2 O-O 7. O-O a5 8. Re1
Re8 9. h3 h6 10. b3 b6 11. Bf1 e5 12. a3 d4 13. cxd4 Nxd4 14. Nxd4 exd4 15. g3
Bf8 16. f4 Qd7 17. b4 c5 18. bxc5 bxc5 19. Bg2 Ba6 20. Qf3 Nd5 21. Nf1 Rac8 22.
f5 Ne3 23. Nxe3 dxe3 24. Bxe3 Qxd3 1/2-1/2

[Event "Bundesliga 9900"]
[Site "Deutschland"]
[Date "2000.01.30"]
[Round "9.4"]
[White "Bischoff, Klaus"]
[Black "Proehl, Holger"]
[Result "1-0"]
[WhiteElo "2544"]
[BlackElo "2389"]
[PlyCount "153"]
[EventDate "1999.10.09"]
[EventType "team"]
[EventRounds "15"]
[EventCountry "GER"]
[SourceTitle "Bundesliga 9900"]
[Source "DeepChess"]
[SourceDate "2005.01.01"]
[SourceVersion "1"]
[SourceVersionDate "2005.01.01"]
[SourceQuality "1"]
[WhiteTeam "SK Koenig Plauen"]
[BlackTeam "USC Magdeburg"]
[WhiteTeamCountry "GER"]
[BlackTeamCountry "GER"]

1. d4 d5 2. c4 e6 3. Nc3 Nf6 4. Bg5 Be7 5. e3 Nbd7 6. Rc1 c6 7. Nf3 Ne4 8. Bxe7
Qxe7 9. Qc2 f5 10. Be2 O-O 11. O-O Ndf6 12. Ne5 Nd7 13. Nf3 Ndf6 14. Nd1 Bd7
15. Ne5 Be8 16. f3 Nd6 17. Nf2 Nd7 18. Nxd7 Qxd7 19. c5 Nf7 20. Nd3 Qc7 21. Qc3
Bd7 22. a3 Rfe8 23. f4 b5 24. a4 a5 25. axb5 cxb5 26. b4 a4 27. Qa3 Bc6 28. Ne1
Kh8 29. Nc2 Rg8 30. Qb2 Rab8 31. Na3 g5 32. Bd3 Rg7 33. Qe2 Qd7 34. Kf2 g4 35.
Ke1 Nh6 36. Rh1 Ng8 37. Kd2 Nf6 38. Kc3 Kg8 39. Kb2 Kf7 40. Nb1 Ke7 41. Ka3 Ne8
42. Nc3 Nc7 43. Rcg1 Rbg8 44. Qe1 Kd8 45. Be2 Qe7 46. g3 h5 47. h3 Kc8 48. hxg4
hxg4 49. Qf1 Qe8 50. Rg2 Kb7 51. Rgh2 Kc8 52. Rh6 Kb7 53. R1h2 Kc8 54. Nd1 Na6
55. Qe1 Kb7 56. Nb2 Nb8 57. Qf1 Kc8 58. R2h5 Rg6 59. Rh7 R6g7 60. Qh1 Qf7 61.
Rxg7 Rxg7 62. Rh8+ Rg8 63. Rh6 Rg7 64. Qh4 Qe7 65. Rh8+ Kb7 66. Qh1 Ka7 67. Qf1
Qb7 68. Rh6 Re7 69. Nd3 Nd7 70. Qh1 Qc7 71. Qh4 Re8 72. Rh7 Ka8 73. Ne5 Qc8 74.
Nxd7 Bxd7 75. Qf6 Bc6 76. Qf7 Qb7 77. Qc7 1-0

[Event "Bundesliga 9900"]
[Site "Deutschland"]
[Date "2000.01.30"]
[Round "9.5"]
[White "Markgraf, Alexander"]
[Black "Espig, Lutz"]
[Result "1-0"]
[WhiteElo "2276"]
[BlackElo "2402"]
[PlyCount "77"]
[EventDate "1999.10.09"]
[EventType "team"]
[EventRounds "15"]
[EventCountry "GER"]
[SourceTitle "Bundesliga 9900"]
[Source "DeepChess"]
[SourceDate "2005.01.01"]
[SourceVersion "1"]
[SourceVersionDate "2005.01.01"]
[SourceQuality "1"]
[WhiteTeam "USC Magdeburg"]
[BlackTeam "SK Koenig Plauen"]
[WhiteTeamCountry "GER"]
[BlackTeamCountry "GER"]

1. e4 c5 2. Nf3 e6 3. d4 cxd4 4. Nxd4 Nf6 5. Nc3 d6 6. Be3 a6 7. f3 b5 8. Qd2
Bb7 9. g4 Be7 10. g5 Nfd7 11. O-O-O Nc6 12. h4 Rc8 13. Kb1 O-O 14. Bh3 Nde5 15.
Qg2 Nc4 16. Nxc6 Rxc6 17. Bc1 Qa5 18. Ne2 Rc7 19. Nd4 d5 20. g6 hxg6 21. Nxe6
fxe6 22. Bxe6+ Rf7 23. h5 gxh5 24. Rxh5 Bf6 25. Qh2 Kf8 26. e5 Nxe5 27. Rxe5
Rxc2 28. Kxc2 Qa4+ 29. Kb1 Bxe5 30. Qxe5 Qxd1 31. Qd6+ Ke8 32. Qb8+ Ke7 33.
Bxf7 Qd3+ 34. Ka1 Qc2 35. Qe8+ Kd6 36. Qd8+ Kc5 37. Qe7+ Kc6 38. Be8+ Kb6 39.
Qd8+ 1-0

[Event "Bundesliga 9900"]
[Site "Deutschland"]
[Date "2000.01.30"]
[Round "9.6"]
[White "Schaller, Sven"]
[Black "Darnstaedt, Frank"]
[Result "1-0"]
[WhiteElo "2308"]
[BlackElo "2340"]
[PlyCount "69"]
[EventDate "1999.10.09"]
[EventType "team"]
[EventRounds "15"]
[EventCountry "GER"]
[SourceTitle "Bundesliga 9900"]
[Source "DeepChess"]
[SourceDate "2005.01.01"]
[SourceVersion "1"]
[SourceVersionDate "2005.01.01"]
[SourceQuality "1"]
[WhiteTeam "SK Koenig Plauen"]
[BlackTeam "USC Magdeburg"]
[WhiteTeamCountry "GER"]
[BlackTeamCountry "GER"]

1. c4 e5 2. Nc3 Nf6 3. Nf3 Nc6 4. g3 Bb4 5. Bg2 O-O 6. O-O Re8 7. Nd5 Nxd5 8.
cxd5 Nd4 9. Nxd4 exd4 10. e4 dxe3 11. dxe3 d6 12. a3 Bc5 13. b4 Bb6 14. Qc2 Qg5
15. Bd2 Re7 16. Rac1 Qh5 17. Bc3 Bh3 18. Qd1 Bg4 19. Qd2 Bf3 20. a4 a6 21. a5
Ba7 22. Ba1 f5 23. Rc4 Bxg2 24. Kxg2 Qf7 25. Rfc1 Rc8 26. Qd3 h6 27. R4c2 Rb8
28. h3 Rd7 29. Rc4 Rc8 30. Rf4 g6 31. g4 Rf8 32. gxf5 gxf5 33. Kh2 Kh7 34. Rg1
Qh5 35. Rfg4 1-0

[Event "Bundesliga 9900"]
[Site "Deutschland"]
[Date "2000.01.30"]
[Round "9.7"]
[White "Studeny, Steffen"]
[Black "Kuraszkiewicz, Michael"]
[Result "1-0"]
[WhiteElo "2272"]
[BlackElo "2337"]
[PlyCount "67"]
[EventDate "1999.10.09"]
[EventType "team"]
[EventRounds "15"]
[EventCountry "GER"]
[SourceTitle "Bundesliga 9900"]
[Source "DeepChess"]
[SourceDate "2005.01.01"]
[SourceVersion "1"]
[SourceVersionDate "2005.01.01"]
[SourceQuality "1"]
[WhiteTeam "USC Magdeburg"]
[BlackTeam "SK Koenig Plauen"]
[WhiteTeamCountry "GER"]
[BlackTeamCountry "GER"]

1. d4 Nf6 2. Nf3 e6 3. g3 b6 4. Bg2 Bb7 5. O-O Be7 6. c4 O-O 7. Nc3 Ne4 8. Qc2
Nxc3 9. Qxc3 f5 10. b3 Bf6 11. Bb2 d6 12. Ne1 Bxg2 13. Nxg2 Nd7 14. Qc2 g6 15.
e4 Qe7 16. Rfe1 Qf7 17. Rad1 fxe4 18. Rxe4 Rad8 19. Nf4 e5 20. Nd5 c6 21. Nxf6+
Nxf6 22. Re2 exd4 23. Rxd4 Qd7 24. Rf4 Nh5 25. Rfe4 Rf7 26. Qc3 Ng7 27. Qd4 h5
28. Rf4 Rxf4 29. Qxf4 Kh7 30. Qf6 Nf5 31. Re6 Rg8 32. h3 Rg7 33. g4 hxg4 34.
hxg4 1-0

[Event "Bundesliga 9900"]
[Site "Deutschland"]
[Date "2000.01.30"]
[Round "9.8"]
[White "Pfretzschner, Roland"]
[Black "Bundrock, Thomas"]
[Result "1/2-1/2"]
[WhiteElo "2274"]
[BlackElo "2188"]
[PlyCount "36"]
[EventDate "1999.10.09"]
[EventType "team"]
[EventRounds "15"]
[EventCountry "GER"]
[SourceTitle "Bundesliga 9900"]
[Source "DeepChess"]
[SourceDate "2005.01.01"]
[SourceVersion "1"]
[SourceVersionDate "2005.01.01"]
[SourceQuality "1"]
[WhiteTeam "SK Koenig Plauen"]
[BlackTeam "USC Magdeburg"]
[WhiteTeamCountry "GER"]
[BlackTeamCountry "GER"]

1. e4 d5 2. Nc3 dxe4 3. Nxe4 Bf5 4. Ng3 Bg6 5. Bc4 e6 6. d3 Nf6 7. h4 h6 8.
N1e2 Bd6 9. Nf4 Bxf4 10. Bxf4 Nbd7 11. h5 Bh7 12. Qf3 c6 13. O-O O-O 14. Rfe1
Nd5 15. Bd2 Qh4 16. Bb3 a5 17. a3 Rfd8 18. Rad1 Nc5 1/2-1/2

[Event "Bundesliga 9900"]
[Site "Deutschland"]
[Date "2000.02.19"]
[Round "10.1"]
[White "Rogers, Ian"]
[Black "Tischbierek, Raj"]
[Result "0-1"]
[WhiteElo "2562"]
[BlackElo "2526"]
[PlyCount "98"]
[EventDate "1999.10.09"]
[EventType "team"]
[EventRounds "15"]
[EventCountry "GER"]
[SourceTitle "Bundesliga 9900"]
[Source "DeepChess"]
[SourceDate "2005.01.01"]
[SourceVersion "1"]
[SourceVersionDate "2005.01.01"]
[SourceQuality "1"]
[WhiteTeam "Delmenhorster SK 1931"]
[BlackTeam "Dresdner SC 1898"]
[WhiteTeamCountry "GER"]
[BlackTeamCountry "GER"]

1. e4 Nf6 2. e5 Nd5 3. d4 d6 4. Nf3 Bg4 5. Be2 e6 6. O-O Be7 7. c4 Nb6 8. Nc3
O-O 9. Be3 Nc6 10. exd6 cxd6 11. d5 exd5 12. cxd5 Bxf3 13. Bxf3 Ne5 14. b3
Nxf3+ 15. Qxf3 Bf6 16. Rac1 Rc8 17. Ne4 Be5 18. Qh3 Nxd5 19. Ng5 Nf6 20. f4 Bb2
21. Rxc8 Qxc8 22. Qxc8 Rxc8 23. Rd1 d5 24. Bxa7 Ra8 25. Bd4 Bxd4+ 26. Rxd4 Rxa2
27. h3 Rc2 28. Ra4 g6 29. Rb4 Rc7 30. g4 h5 31. f5 gxf5 32. gxf5 Kg7 33. Kg2
Nd7 34. Kg3 Kf6 35. h4 Ne5 36. Rd4 Rc3+ 37. Kg2 Kxf5 38. Rxd5 f6 39. Nh7 Rxb3
40. Rd6 Ng4 41. Rd5+ Kg6 42. Nf8+ Kf7 43. Rd8 Re3 44. Rb8 Re7 45. Kg3 Ne5 46.
Kf4 Rc7 47. Ke4 Nc6 48. Ra8 Ne7 49. Rb8 Nc8 0-1

[Event "Bundesliga 9900"]
[Site "Deutschland"]
[Date "2000.02.19"]
[Round "10.2"]
[White "Boensch, Uwe"]
[Black "Conquest, Stuart"]
[Result "0-1"]
[WhiteElo "2547"]
[BlackElo "2563"]
[PlyCount "75"]
[EventDate "1999.10.09"]
[EventType "team"]
[EventRounds "15"]
[EventCountry "GER"]
[SourceTitle "Bundesliga 9900"]
[Source "DeepChess"]
[SourceDate "2005.01.01"]
[SourceVersion "1"]
[SourceVersionDate "2005.01.01"]
[SourceQuality "1"]
[WhiteTeam "Dresdner SC 1898"]
[BlackTeam "Delmenhorster SK 1931"]
[WhiteTeamCountry "GER"]
[BlackTeamCountry "GER"]

1. d4 d5 2. c4 dxc4 3. e4 Nf6 4. e5 Nd5 5. Bxc4 Nc6 6. Nc3 Nb6 7. Bb5 Bd7 8.
Nge2 e6 9. a3 Qh4 10. O-O O-O-O 11. Qc2 Nxd4 12. Nxd4 Qxd4 13. Bg5 f6 14. exf6
gxf6 15. Be3 Qg4 16. Rac1 Qg6 17. Bd3 Qg7 18. Be4 f5 19. Bf3 Bd6 20. Rfd1 Kb8
21. Qb3 Qe5 22. g3 Rhg8 23. Kh1 Qa5 24. Qc2 Nc4 25. Bd4 e5 26. b4 Nxa3 27. Qa2
Bxb4 28. Bxe5 Qxe5 29. Rxd7 Bxc3 30. Rxd8+ Rxd8 31. Qxa3 Ba5 32. Rc5 Qe1+ 33.
Kg2 Bb6 34. Rc2 a6 35. Qb3 Rd2 36. Rxd2 Qxd2 37. Kh3 Ka7 38. Qf7 0-1

[Event "Bundesliga 9900"]
[Site "Deutschland"]
[Date "2000.02.19"]
[Round "10.3"]
[White "Gisbrecht, Ewgeni"]
[Black "Borriss, Martin"]
[Result "1/2-1/2"]
[WhiteElo "2422"]
[BlackElo "2440"]
[PlyCount "129"]
[EventDate "1999.10.09"]
[EventType "team"]
[EventRounds "15"]
[EventCountry "GER"]
[SourceTitle "Bundesliga 9900"]
[Source "DeepChess"]
[SourceDate "2005.01.01"]
[SourceVersion "1"]
[SourceVersionDate "2005.01.01"]
[SourceQuality "1"]
[WhiteTeam "Delmenhorster SK 1931"]
[BlackTeam "Dresdner SC 1898"]
[WhiteTeamCountry "GER"]
[BlackTeamCountry "GER"]

1. Nf3 Nf6 2. c4 g6 3. g3 Bg7 4. Bg2 O-O 5. O-O d6 6. d4 Nbd7 7. Nc3 e5 8. e4
a6 9. Re1 exd4 10. Nxd4 Ne5 11. b3 c5 12. Nc2 Rb8 13. h3 Nc6 14. a4 Ne8 15. Bd2
Nc7 16. Rb1 b5 17. axb5 axb5 18. Nxb5 Nxb5 19. cxb5 Rxb5 20. Bf4 Ne5 21. b4 Be6
22. bxc5 Rxb1 23. Qxb1 dxc5 24. Rd1 Qc8 25. Kh2 Rd8 26. Ne3 Rxd1 27. Qxd1 h6
28. Nd5 Kh7 29. Qc2 c4 30. Bxe5 Bxe5 31. f4 Bd4 32. f5 Bd7 33. fxg6+ fxg6 34.
e5 Bxe5 35. Ne7 Bxg3+ 36. Kxg3 Qb8+ 37. Kf2 Qf8+ 38. Kg1 Qxe7 39. Qxc4 h5 40.
Qc7 Kh6 41. Qf4+ g5 42. Qd4 Bf5 43. Qh8+ Bh7 44. Qc3 h4 45. Qc6+ Bg6 46. Qc3
Kh7 47. Qf3 Qe1+ 48. Qf1 Qe5 49. Qf3 Kg7 50. Qb7+ Bf7 51. Qe4 Qc5+ 52. Kh2 Qd6+
53. Kh1 Qc5 54. Kh2 Qc7+ 55. Kg1 Qc1+ 56. Kh2 Qf4+ 57. Kg1 Kf6 58. Qc6+ Be6 59.
Qc3+ Kg6 60. Qd3+ Kg7 61. Qc3+ Kf7 62. Qd3 Bf5 63. Qc3 Qd6 64. Qb3+ Be6 65. Qc3
1/2-1/2

[Event "Bundesliga 9900"]
[Site "Deutschland"]
[Date "2000.02.19"]
[Round "10.4"]
[White "Maiwald, Jens Uwe"]
[Black "Lauber, Arnd"]
[Result "1-0"]
[WhiteElo "2524"]
[BlackElo "2416"]
[PlyCount "79"]
[EventDate "1999.10.09"]
[EventType "team"]
[EventRounds "15"]
[EventCountry "GER"]
[SourceTitle "Bundesliga 9900"]
[Source "DeepChess"]
[SourceDate "2005.01.01"]
[SourceVersion "1"]
[SourceVersionDate "2005.01.01"]
[SourceQuality "1"]
[WhiteTeam "Dresdner SC 1898"]
[BlackTeam "Delmenhorster SK 1931"]
[WhiteTeamCountry "GER"]
[BlackTeamCountry "GER"]

1. e4 c6 2. d4 d5 3. e5 Bf5 4. h4 h5 5. c4 e6 6. Nc3 Be7 7. cxd5 cxd5 8. Bd3
Bxd3 9. Qxd3 Nc6 10. Nf3 Nh6 11. Bxh6 Rxh6 12. g3 Qb6 13. O-O Rc8 14. Rab1 Rh8
15. Rfc1 Kd7 16. Qe3 Qa6 17. Kg2 Na5 18. b3 Ba3 19. Rd1 Nc6 20. Ng5 Rhf8 21.
Qf3 Ne7 22. b4 Rc4 23. b5 Qa5 24. Ne2 Nf5 25. Qxh5 g6 26. Qf3 Rc2 27. Qd3 Rxa2
28. Nc3 Rb2 29. Rxb2 Bxb2 30. Ne2 Qa3 31. Qd2 Rc8 32. Rb1 Bc3 33. Qd3 Qa2 34.
Rc1 Ba1 35. Rxc8 Kxc8 36. Nxf7 Qc4 37. Qf3 Bxd4 38. Nd6+ Nxd6 39. exd6 Kd7 40.
Qf8 1-0

[Event "Bundesliga 9900"]
[Site "Deutschland"]
[Date "2000.02.19"]
[Round "10.5"]
[White "Borik, Otto"]
[Black "Uhlmann, Wolfgang"]
[Result "0-1"]
[WhiteElo "2416"]
[BlackElo "2482"]
[PlyCount "70"]
[EventDate "1999.10.09"]
[EventType "team"]
[EventRounds "15"]
[EventCountry "GER"]
[SourceTitle "Bundesliga 9900"]
[Source "DeepChess"]
[SourceDate "2005.01.01"]
[SourceVersion "1"]
[SourceVersionDate "2005.01.01"]
[SourceQuality "1"]
[WhiteTeam "Delmenhorster SK 1931"]
[BlackTeam "Dresdner SC 1898"]
[WhiteTeamCountry "GER"]
[BlackTeamCountry "GER"]

1. d4 Nf6 2. c4 g6 3. Nc3 Bg7 4. e4 d6 5. Nf3 O-O 6. Be2 e5 7. O-O Nc6 8. d5
Ne7 9. Ne1 Nd7 10. Be3 f5 11. f3 f4 12. Bf2 g5 13. Nd3 h5 14. a4 Nf6 15. a5 g4
16. Kh1 Ng6 17. a6 b6 18. Nb4 g3 19. Nc6 Qd7 20. hxg3 fxg3 21. Bxg3 h4 22. Bh2
Nf4 23. Qe1 Bh6 24. Qxh4 Qg7 25. Qf2 Bd7 26. g3 Kf7 27. Rfd1 Rh8 28. Bf1 Bg5
29. Rd2 Rh6 30. Nb5 Rah8 31. Nbxa7 Ng2 32. Qxg2 Bxd2 33. Nd8+ Ke8 34. Ne6 Bxe6
35. dxe6 Qh7 0-1

[Event "Bundesliga 9900"]
[Site "Deutschland"]
[Date "2000.02.19"]
[Round "10.6"]
[White "Goldberg, Alexander"]
[Black "Beckemeier, Werner"]
[Result "0-1"]
[WhiteElo "2398"]
[BlackElo "2374"]
[PlyCount "78"]
[EventDate "1999.10.09"]
[EventType "team"]
[EventRounds "15"]
[EventCountry "GER"]
[SourceTitle "Bundesliga 9900"]
[Source "DeepChess"]
[SourceDate "2005.01.01"]
[SourceVersion "1"]
[SourceVersionDate "2005.01.01"]
[SourceQuality "1"]
[WhiteTeam "Dresdner SC 1898"]
[BlackTeam "Delmenhorster SK 1931"]
[WhiteTeamCountry "GER"]
[BlackTeamCountry "GER"]

1. e4 e5 2. Bc4 Nc6 3. Nc3 Nf6 4. d3 Bc5 5. Bg5 h6 6. Bh4 d6 7. Nge2 Be6 8.
Bxe6 fxe6 9. Na4 g5 10. Bg3 Qe7 11. Nxc5 dxc5 12. c3 O-O-O 13. Qc2 Rd6 14. d4
cxd4 15. cxd4 Nxd4 16. Nxd4 Rxd4 17. O-O Qd6 18. f3 Nh5 19. Bf2 Rd2 20. Qa4 a6
21. g3 Nf6 22. Rac1 Rxb2 23. Rfd1 Qb4 24. Qxb4 Rxb4 25. Bc5 Rb5 26. a4 Rb3 27.
Bd6 Rh7 28. Bxe5 Rxf3 29. Kg2 g4 30. Rd4 Rf7 31. h3 h5 32. Bf4 Ra3 33. Rdc4
Ra2+ 34. Kg1 c6 35. h4 Re2 36. Kf1 Rxe4 37. Rxe4 Nxe4 38. Ke2 Rf5 39. Ke3 Nxg3
0-1

[Event "Bundesliga 9900"]
[Site "Deutschland"]
[Date "2000.02.19"]
[Round "10.7"]
[White "Breutigam, Martin"]
[Black "Gauglitz, Gernot"]
[Result "1-0"]
[WhiteElo "2343"]
[BlackElo "2390"]
[PlyCount "55"]
[EventDate "1999.10.09"]
[EventType "team"]
[EventRounds "15"]
[EventCountry "GER"]
[SourceTitle "Bundesliga 9900"]
[Source "DeepChess"]
[SourceDate "2005.01.01"]
[SourceVersion "1"]
[SourceVersionDate "2005.01.01"]
[SourceQuality "1"]
[WhiteTeam "Delmenhorster SK 1931"]
[BlackTeam "Dresdner SC 1898"]
[WhiteTeamCountry "GER"]
[BlackTeamCountry "GER"]

1. d4 Nf6 2. Bg5 Ne4 3. h4 c5 4. d5 d6 5. Qd3 Nxg5 6. hxg5 Qb6 7. Nd2 Qxb2 8.
Rb1 Qxa2 9. e4 Qa5 10. g6 fxg6 11. Qg3 Kd8 12. Ngf3 Qc3 13. Bd3 Nd7 14. Ng5 Ne5
15. f4 Nc4 16. Qf2 Nxd2 17. Qxd2 Qxd2+ 18. Kxd2 Kc7 19. Nf7 Rg8 20. Rxh7 g5 21.
Nxg5 a5 22. e5 g6 23. exd6+ Kxd6 24. Ne4+ Kxd5 25. Rb6 c4 26. Nc3+ Kd4 27. Rb5
cxd3 28. cxd3 1-0

[Event "Bundesliga 9900"]
[Site "Deutschland"]
[Date "2000.02.19"]
[Round "10.8"]
[White "Wegener, Dirk"]
[Black "Wesseln, Kai"]
[Result "0-1"]
[WhiteElo "2307"]
[BlackElo "2356"]
[PlyCount "132"]
[EventDate "1999.10.09"]
[EventType "team"]
[EventRounds "15"]
[EventCountry "GER"]
[SourceTitle "Bundesliga 9900"]
[Source "DeepChess"]
[SourceDate "2005.01.01"]
[SourceVersion "1"]
[SourceVersionDate "2005.01.01"]
[SourceQuality "1"]
[WhiteTeam "Dresdner SC 1898"]
[BlackTeam "Delmenhorster SK 1931"]
[WhiteTeamCountry "GER"]
[BlackTeamCountry "GER"]

1. e4 c5 2. Nf3 Nc6 3. d4 cxd4 4. Nxd4 g6 5. c4 Bg7 6. Be3 Nf6 7. Nc3 O-O 8.
Be2 d6 9. O-O Bd7 10. Re1 Nxd4 11. Bxd4 Bc6 12. Bd3 a6 13. Rc1 Bh6 14. Be3 Bxe3
15. Rxe3 Rc8 16. Qd2 Qa5 17. Rd1 Qg5 18. Qe2 Nh5 19. Qe1 Nf4 20. Bf1 Rfe8 21.
Nd5 Bxd5 22. exd5 Rc7 23. Rd4 Qf6 24. Qd2 Nh5 25. Rde4 Qg7 26. Qa5 Rd7 27. g3
f5 28. Re6 Nf6 29. Bh3 Rc8 30. Qe1 Kf8 31. b3 b5 32. Bf1 Ng4 33. Re2 bxc4 34.
bxc4 Rxc4 35. Rxe7 Rxe7 36. Rxe7 Qxe7 37. Qxe7+ Kxe7 38. Bxc4 a5 39. f4 Kd7 40.
h3 Nf6 41. Kf2 Kc7 42. Kf3 Kb6 43. g4 Kc5 44. Ba6 Nxd5 45. gxf5 gxf5 46. Bd3
Ne7 47. Ke3 h6 48. a3 d5 49. Ba6 d4+ 50. Kf3 Nd5 51. Bd3 Ne3 52. Ke2 Ng2 53.
Bxf5 Nxf4+ 54. Kf3 Nd5 55. Bd3 Ne3 56. Ke4 Nc4 57. a4 Nb6 58. Bb5 Nd5 59. Kf5
Nc3 60. Bd3 Nxa4 61. Kg6 Nb2 62. Bb1 d3 63. Kxh6 d2 64. Bc2 d1=Q 65. Bxd1 Nxd1
66. h4 a4 0-1

[Event "Bundesliga 9900"]
[Site "Deutschland"]
[Date "2000.02.19"]
[Round "10.3"]
[White "Kengis, Edvins"]
[Black "Hall, Jesper"]
[Result "1/2-1/2"]
[WhiteElo "2574"]
[BlackElo "2484"]
[PlyCount "47"]
[EventDate "1999.10.09"]
[EventType "team"]
[EventRounds "15"]
[EventCountry "GER"]
[SourceTitle "Bundesliga 9900"]
[Source "DeepChess"]
[SourceDate "2005.01.01"]
[SourceVersion "1"]
[SourceVersionDate "2005.01.01"]
[SourceQuality "1"]
[WhiteTeam "Godesberger SK 1929"]
[BlackTeam "SV Wattenscheid 1930"]
[WhiteTeamCountry "GER"]
[BlackTeamCountry "GER"]

1. Nf3 c5 2. c4 Nc6 3. Nc3 e5 4. e3 Nf6 5. d4 cxd4 6. exd4 e4 7. Ne5 Bb4 8. Be3
Qa5 9. Qb3 O-O 10. Be2 Re8 11. Nxc6 bxc6 12. O-O Ba6 13. Na4 d5 14. Rac1 Rab8
15. Qd1 Bd6 16. b3 Qc7 17. g3 Qd7 18. Nc5 Bxc5 19. dxc5 Rbd8 20. Bd4 Qf5 21.
Bxf6 Qxf6 22. cxd5 Rxd5 23. Qe1 Bxe2 24. Qxe2 1/2-1/2

[Event "Bundesliga 9900"]
[Site "Deutschland"]
[Date "2000.02.19"]
[Round "10.5"]
[White "Heinbuch, Detlef"]
[Black "Ellers, Holger"]
[Result "1/2-1/2"]
[WhiteElo "2394"]
[BlackElo "2430"]
[PlyCount "103"]
[EventDate "1999.10.09"]
[EventType "team"]
[EventRounds "15"]
[EventCountry "GER"]
[SourceTitle "Bundesliga 9900"]
[Source "DeepChess"]
[SourceDate "2005.01.01"]
[SourceVersion "1"]
[SourceVersionDate "2005.01.01"]
[SourceQuality "1"]
[WhiteTeam "Godesberger SK 1929"]
[BlackTeam "SV Wattenscheid 1930"]
[WhiteTeamCountry "GER"]
[BlackTeamCountry "GER"]

1. c4 b6 2. Nc3 Bb7 3. e4 e6 4. g3 Bb4 5. Nge2 f5 6. Bg2 Nf6 7. d3 fxe4 8. O-O
O-O 9. dxe4 Bc5 10. h3 e5 11. Rb1 Nc6 12. Nd5 Nd4 13. b4 Nxe2+ 14. Qxe2 Bd4 15.
Bg5 Bxd5 16. cxd5 Rc8 17. b5 c6 18. dxc6 dxc6 19. Qc4+ Kh8 20. bxc6 Qd6 21.
Rbc1 Bc5 22. Kh2 Rxc6 23. Rfd1 Qc7 24. Qa4 h6 25. Be3 Rc8 26. Bxc5 Rxc5 27.
Rxc5 Qxc5 28. Rd2 Qc3 29. Qd1 Qc7 30. h4 Rf8 31. f3 b5 32. Bh3 a5 33. Kg2 a4
34. Bf5 Qf7 35. Qa1 Qe7 36. Qc3 b4 37. Qc4 Rb8 38. Qa6 b3 39. axb3 axb3 40. Rb2
Qb4 41. Be6 Qc3 42. Qa3 Qd3 43. Qc5 Re8 44. Bf7 Nd7 45. Qa3 Rb8 46. Be6 Nf6 47.
Qc5 Re8 48. Bc4 Qc3 49. Rxb3 Qc2+ 50. Kh3 Qc1 51. g4 Nd7 52. Qa7 1/2-1/2

[Event "Bundesliga 9900"]
[Site "Deutschland"]
[Date "2000.02.19"]
[Round "10.6"]
[White "Straeter, Timo"]
[Black "Jackelen, Thomas"]
[Result "0-1"]
[WhiteElo "2343"]
[BlackElo "2368"]
[PlyCount "38"]
[EventDate "1999.10.09"]
[EventType "team"]
[EventRounds "15"]
[EventCountry "GER"]
[SourceTitle "Bundesliga 9900"]
[Source "DeepChess"]
[SourceDate "2005.01.01"]
[SourceVersion "1"]
[SourceVersionDate "2005.01.01"]
[SourceQuality "1"]
[WhiteTeam "SV Wattenscheid 1930"]
[BlackTeam "Godesberger SK 1929"]
[WhiteTeamCountry "GER"]
[BlackTeamCountry "GER"]

1. d4 Nf6 2. Nf3 e6 3. e3 c5 4. c4 cxd4 5. exd4 d5 6. Nc3 Be7 7. Bd3 dxc4 8.
Bxc4 Nc6 9. O-O O-O 10. a3 b6 11. Bg5 Bb7 12. Re1 Rc8 13. Qd3 Nd5 14. Ne4 f5
15. Nc3 Bxg5 16. Rxe6 Na5 17. Bxd5 Bxd5 18. Nxg5 Rxc3 19. Qb5 Rb3 0-1

[Event "Bundesliga 9900"]
[Site "Deutschland"]
[Date "2000.02.19"]
[Round "10.7"]
[White "Schmidt, Bodo"]
[Black "Franke, Johannes"]
[Result "1/2-1/2"]
[WhiteElo "2383"]
[BlackElo "2272"]
[PlyCount "95"]
[EventDate "1999.10.09"]
[EventType "team"]
[EventRounds "15"]
[EventCountry "GER"]
[SourceTitle "Bundesliga 9900"]
[Source "DeepChess"]
[SourceDate "2005.01.01"]
[SourceVersion "1"]
[SourceVersionDate "2005.01.01"]
[SourceQuality "1"]
[WhiteTeam "Godesberger SK 1929"]
[BlackTeam "SV Wattenscheid 1930"]
[WhiteTeamCountry "GER"]
[BlackTeamCountry "GER"]

1. d4 c5 2. d5 e5 3. e4 d6 4. Nc3 Be7 5. Nf3 Bg4 6. Be2 Bxf3 7. Bxf3 Bg5 8. O-O
Bxc1 9. Qxc1 Nf6 10. a4 O-O 11. Nb5 Kh8 12. Qd2 Qe7 13. a5 Ng8 14. Na3 Nh6 15.
Nc4 Nd7 16. c3 f5 17. exf5 Rxf5 18. Be4 Rh5 19. f3 Rf8 20. Rae1 Nf7 21. f4 Rh6
22. Bf5 Rf6 23. Bxd7 Qxd7 24. fxe5 dxe5 25. Rxf6 gxf6 26. Rf1 f5 27. Rd1 b5 28.
axb6 axb6 29. Qe3 e4 30. b4 Qb5 31. Nd2 Ne5 32. Qh6 Ng6 33. Rf1 Qe2 34. bxc5
bxc5 35. h4 Rg8 36. Rf2 Qe1+ 37. Nf1 f4 38. h5 e3 39. Rf3 e2 40. hxg6 exf1=Q+
41. Rxf1 Qe3+ 42. Kh1 Rxg6 43. Qf8+ Rg8 44. Qf6+ Rg7 45. Rb1 Qe8 46. Qxf4 Qh5+
47. Qh2 Qxd5 48. Rb8+ 1/2-1/2